English Words of Korean Origin - Statistics

General Stats
  • This quiz has been taken 145 times
  • The average score is 5 of 8
Answer Stats
Definition Word % Correct
Modern Korean martial art similar to karate. Taekwondo
93%
Korean dish of spicy pickled cabbage. Kimchi
91%
Basic monetary unit of North and South Korea. Won
75%
Korean dish of rice with cooked vegetables, usually meat, and often a raw or fried egg. Bibimbap
66%
Korean alcoholic drink typically made from rice or sweet potatoes. Soju
65%
Large industrial South Korean conglomerate run and controlled by an individual or family. Chaebol
35%
Member of the Unification Church. Moonie
25%
Korean martial art characterized by kicking and circular movements. Hapkido
10%
No matching quizzes found
Score Distribution
Percent of People with Each Score
Percentile by Number Answered
Your Score History
You have not taken this quiz